Kontrowersyjne gry video - Quiz wielokrotnego wyboru - Statystyki

Ogólne statystyki
  • Ten quiz został rozwiązany 6 razy
  • Średni wynik to 6 z 15
Statystyki odpowiedzi
Zagadnienie Odpowiedź % Poprawnych
Symulator zabójstwa której z wymienionych poniżej osób wzbudził kontrowersje w 2004 roku? J. F. Kennedy
100%
Która z poniżej wymienionych gier była jednym z powodów stworzenia amerykańskiego ratingu wiekowego w grach video (ESRB)? Mortal Kombat
100%
Która gra Rockstar musiała zmienić swój tytuł na Canis Canem Edit by zostać wydana na rynku Wielkiej Brytanii? Bully
80%
Jaką nazwę nosił mod przywracający do gry Grand Theft Auto: San Andreas znajdujące się wciąż na dysku z grą sceny erotyczne przez co gra została tymczasowo wyprowadzona ze sprzedaży? Hot Coffee
60%
Która z wymienionych poniżej gier polskiej produkcji wzbudziła kontrowersje między innymi dużą ilością toaletowego, niesmacznego humoru? Rezerwowe Psy
60%
Która z wymienionych gier została usunięta ze sprzedaży gdyż zawierała ogromną ilość skradzionych aktywów z gier takich jaki Unreal Tournament 2004, Painkiller, Thief III: Deadly Shadows, World of Warcraft i wielu, wielu innych? Limbo of the Lost
40%
Ze względu na sceny tortur oraz brutalnie przeprowadzanych morderstw, która z następujących gier musiała zostać mocno ocenzurowana by uniknąć ratingu wiekowego AO? (Adults Only) Manhunt 2
40%
Która gra video była tematem materiału telewizji Fox Newx o nazwie "SeXBOX" ze względu na znajdujące się w niej lekkie sceny erotyczne? Mass Effect 2
40%
Która z wymienionych konsol do gier video była promowana sloganem "Touching is Good" - "Dotykanie jest dobre"? Nintendo DS
40%
Która z wymienionych gier wywołała kontrowersję w krajowych tabloidach za "treści antypolskie"? Codename: Panzers – Phase One
20%
Która z wymienionych poniżej gier polskiej produkcji została ochrzczona przez amerykańską telewizję Fox News "Najgorszą grą w historii" ze względu na "przytłaczającą ilość gloryfikowanej zbędnej przemocy"? Bulletstorm
0%
Który z wymienionych poniżej tytułów był reklamowany w prasie reklamą której slogan głosił "Romero is about to make you his bitch" - "Romero zrobi z ciebie swoją dziwkę"? Daikatana
0%
Która z wymienionych gier została początkowo usunięta z programu Steam "Greenlight" ze względu na dużą ilość przemocy? Hatred
0%
Która z wymienionych poniżej gier typu FMV była niesłusznie oskarżona o promowanie przemocy wobec kobiet? Night Trap
0%
Która z wymienionych poniżej gier była usunięta ze sprzedaży ponieważ zawierała sceny nagości osoby niebędąca pełnoletnią w chwili kręcenia materiałów znajdujących się w grze? The Guy Game
0%
Nie znaleziono quizów pasujących do podanych kryteriów
Rozkład punktacji
Procent ludzi z każdym wynikiem
Percentyl według liczby udzielonych odpowiedzi
Twoja historia wyników
Nie rozwiązałeś tego quizu